TEPELNÁ OCHRANA DISTRIBUČNÝCH SYSTÉMOV TEPLEJ VODY

Bibliographic Details
Main Author: Valášek, Jaroslav, 1938- (Author)
Format: Article
Language:Slovak

MARC

LEADER 00000naa a2200000uu 4500
001 vtls011090357
003 SK-MaSNL
005 20260302110103.0
008 210910|2011 xo |||||||||||||||||slo|
015 |a SNBRA 
035 |a (urnnbn)urn:nbn:sk:snk:ar-a0cpwk 
035 |a (uuid)0fe76962-9387-4f9f-bf96-294839520a90 
035 |a urn:nbn:sk:snk-aavvnj 
040 |a SNKBUCL  |b slo  |c SNKBUCL  |e AACR2 
041 0 |a slo 
044 |a xo  |c SK 
100 1 |a Valášek, Jaroslav,  |d 1938-  |4 aut  |9 196000 
245 1 0 |a TEPELNÁ OCHRANA DISTRIBUČNÝCH SYSTÉMOV TEPLEJ VODY  |c Jaroslav Valášek 
773 0 |t Tepelná ochrana budov 2011  |d Bratislava] : BB print, 2011  |g S. 159-162  |z 9788097059545 
958 |a OND 
958 |a article12 
958 |a chapter 
999 |c 1241621  |d 1243551